Bhārata-śilpa. (Record no. 75765)

MARC details
000 -LEADER
fixed length control field 00734cam a22002651 4500
001 - CONTROL NUMBER
control field sa 67006207
003 - CONTROL NUMBER IDENTIFIER
control field DLC
005 - DATE AND TIME OF LATEST TRANSACTION
control field 20260227112404.0
008 - FIXED-LENGTH DATA ELEMENTS--GENERAL INFORMATION
fixed length control field 860514m19669999ii ab b 000 0 benr
010 ## - LIBRARY OF CONGRESS CONTROL NUMBER
LC control number sa 67006207
020 ## - INTERNATIONAL STANDARD BOOK NUMBER
Terms of availability v. 1: Rs 6
025 ## - OVERSEAS ACQUISITION NUMBER
Overseas acquisition number PL480:I-B-2882
035 ## - SYSTEM CONTROL NUMBER
System control number (OCoLC)23578501
040 ## - CATALOGING SOURCE
Original cataloging agency DLC
Transcribing agency MiU
Modifying agency DLC
042 ## - AUTHENTICATION CODE
Authentication code premarc
050 00 - LIBRARY OF CONGRESS CALL NUMBER
Classification number N7301
Item number .D33
100 1# - MAIN ENTRY--PERSONAL NAME
Personal name Datta, Bimal Kumar,
Dates associated with a name 1920-
245 10 - TITLE STATEMENT
Title Bhārata-śilpa.
Statement of responsibility, etc. [Lekhaka] Bimalakumāra Datta.
250 ## - EDITION STATEMENT
Edition statement [Bidyābhāratī saṃskaraṇa]
260 ## - PUBLICATION, DISTRIBUTION, ETC.
Place of publication, distribution, etc. Kalikātā,
Name of publisher, distributor, etc. Bidyābhāratī
Date of publication, distribution, etc. [1966-
300 ## - PHYSICAL DESCRIPTION
Extent v.
Other physical details illus., map.
Dimensions 23 cm.
500 ## - GENERAL NOTE
General note In Bengali.
504 ## - BIBLIOGRAPHY, ETC. NOTE
Bibliography, etc. note Bibliography: v. 1. p. [74]-75.
650 #0 - SUBJECT ADDED ENTRY--TOPICAL TERM
Topical term or geographic name entry element Art, Indic.

No items available.

Powered by Koha